Memorándum sobre el estado de las compañías de caminos de hierro
Descripción Física:
34 p. ; 25 cm
MARC
| LEADER | 00000nam a2200000Ia 4500 | ||
|---|---|---|---|
| 001 | 16402 | ||
| 008 | 160829s1866 xx 000 0 cat d | ||
| 080 | |a RF-14-53 | ||
| 245 | |a Memorándum sobre el estado de las compañías de caminos de hierro | ||
| 260 | |a Barcelona : |b Imp. del Diario de Barcelona, |c 1866 | ||
| 300 | |a 34 p. ; |c 25 cm | ||
| 590 | |a Prové de 931, exp. 2. | ||
| 590 | |a Exposició: Obrim l'Arxiu 2008 | ||
| 650 | |a Companyies ferroviàries |x Espanya |x Història |x S. XIX |9 43334 | ||
| 650 | |a Ferrocarrils |x Espanya |x Història |x S. XIX |9 43335 | ||
| 856 | 4 | |u https://media.diba.cat/diba/fitxers/arxiu/fulletons/bib_16402_1866_baixa.pdf |y Accés lliure | |
| 856 | 4 | |u https://media.diba.cat/diba/fitxers/arxiu/fulletons/bib_16402_1866_baixa.pdf |y Accés lliure | |
| 901 | |a Arxiu | ||
| 942 | |n 1 |2 udc | ||
| 952 | |0 0 |1 0 |4 0 |6 RF1453 |7 1 |9 51342 |a Arxiu |b Arxiu |d 2016-12-01 |l 0 |o RF-14-53 |p 16402 |r 2016-12-01 00:00:00 |w 2016-12-01 |y ARXIU | ||
| 999 | |c 55186 |d 55186 | ||
| 900 | |a bib_16402_1866_baixa.pdf | ||